004810000a22001570004500020001800000041000800018082001700026100002800043245005600071260003700127300001200164001000600176942000700182952011700189999001700306 a84-8280-399-90 aSPA04aG 861 C3551p1 aCastro Saavedra, Carlos10aPoemas escogidos 1946-1974 / Carlos Castro Saavedra aBogotá, Colombia : Oveja Negra a329 Pag10980 cBK 001040708GENaFUSBCbFUSBCd2005-01-25l0oG 861 C3551p p10217r2019-12-12 00:00:00t1w2016-01-26yBKB0C3 c40358d40358